| 000 | 00448nam a2200205Ia 4500 | ||
|---|---|---|---|
| 001 | 12437 | ||
| 003 | GE_BSU | ||
| 008 | 181216s||||||||xx |||||||||||||| ||und|| | ||
| 020 | _a0340219971 | ||
| 040 | _cGE_BSU | ||
| 080 | _a821.111-32 | ||
| 100 | _aGavin,Catherine. | ||
| 245 | _aTraitors' Gate. | ||
| 260 | _aGreat Britain. | ||
| 260 | _bCoronet Books. | ||
| 260 | _c1977 | ||
| 300 | _a285p;18cm. | ||
| 653 | _aTraitors' Gate. | ||
| 942 | _cBK | ||
| 999 |
_c45611 _d45611 |
||